000 00557nam a2200205Ia 4500
005 20250508162151.0
008 008 250505s9999 xx 000 0 eng d
037 _aBooks to be hide in OPAC
040 _aFEDL
_beng
_cFEDL
041 _aeng
_2eng
084 _qFEDL
100 _aJain Girial
245 0 _aDirectory and yearbook: Including who's who
260 _aBombay, India
_bThe Times of India Press
300 _accc,956p.
490 _aThe times of India
700 _a Gandhi Arun
_9772478
942 _cHB
999 _c1374783
_d1374783